00878nac a22002291u 4500010001600000020001500016020001700031082001600048090001500064100003400079245008200113250001200195260005300207300003300260504006400293650002600357700002400383942001800407999001500425952010400440952010400544 a 00035680 a0130144908 a013031059* :00a658.7bA752 c4179d4179 aArnold, J. R. Tony, 10aIntroduction to materials management /cJ.R. Tony Arnold, Stephen N. Chapman. a4th ed. aUpper Saddle River, NJ :bPrentice Hall,cc2001. axi, 466 p. :bill. ;c25 cm. aIncludes bibliographical references (p. 456-460) and index. 0aMaterials management.1 aChapman, Stephen N. cBBk658.7A752 c4179d4179 00104070aMAINbMAINc1STd2007-08-23ePurchasel0o658.7 ARNp000005209r2025-07-15 00:00:00yBB 00104070aMAINbMAINc1STd2011-09-07ePurchasel0o658.7 ARNp000005717r2025-07-15 00:00:00yBB